| 000 | 00651nam a2200229Ia 4500 | ||
|---|---|---|---|
| 005 | 20241129111443.0 | ||
| 008 | 241129s9999||||xx |||||||||||||| ||und|| | ||
| 020 | _a978-81-19533-15-2 | ||
| 037 | _aTB | ||
| 040 |
_aCRL _beng _cCRL |
||
| 041 |
_aurd _2urd |
||
| 084 |
_aO168,1NWAx Q9 _qCRL |
||
| 100 |
_aWafa Mohammad Mokhtar Au. _9724453 |
||
| 245 | 0 |
_aKhimah se alag _cWafa Mohammad Mokhtar Au. |
|
| 260 |
_aDelhi, India _bArshia Publications _c2019 |
||
| 300 | _a155p. | ||
| 365 |
_aINR _b250 |
||
| 546 | _aTranslated from Spanish to Urdu | ||
| 650 | _aUrdu Poetry | ||
| 942 |
_cTB _hO168,1NWAx Q9 |
||
| 999 |
_c1230541 _d1230541 |
||